PERSPECTIVES on African studies a multidisciplinary approach

Guardat en:
Dades bibliogràfiques
Format: Llibre
Idioma:anglès
Publicat: Ibadan University Press 2014
Etiquetes: Afegir etiqueta
Sense etiquetes, Sigues el primer a etiquetar aquest registre!

MARC

LEADER 00000nam a22000007a 4500
008 201210b ||||| |||| 00| 0 eng d
020 |a 978-978-8456-35-3 
245 |a  PERSPECTIVES on African studies  |b  a multidisciplinary approach  |c edited by Mary E. Modupe Kolawole  |g  2014. 219p. 
260 |b Ibadan University Press  |c  2014  |h Ibadan  |i 679686  |i 679687   |l B5305 .P43  |m Philosophy, African  |m Africa – Social condition 
500 |a It includes index 
942 |a ddc  |c BK  |e ADEYEYE Y.S.  |f 10/12/2020 
952 |0 0  |1 0  |2 lcc  |4 0  |7 0  |9 317  |a HOL  |b AC  |c AF  |d 2020-12-10  |o Africa – Social condition  |p 2020-2053  |r 2020-12-10 00:00:00  |w 2020-12-10  |y BK 
952 |0 0  |1 0  |2 lcc  |4 0  |6 B5305 P43  |7 0  |9 318  |a HOL  |b HOL  |c AF  |d 2020-12-10  |l 0  |o B5305 .P43  |p 2020-2054  |r 2020-12-10 00:00:00  |w 2020-12-10  |y BK 
999 |c 145  |d 145